Les 24H du Mans - Statistiques

Statistiques générales
  • Ce quiz a été pris 697 fois
  • Le résultat moyen est 11 sur 13
Statistiques - réponses
Question Réponse % Correct
Avec qui la Scuderia Ferrari à t'elle eu une rivalité dans les années 60 ? Ford
93%
Quelle est la nouvelle catégories de voitures qui vas voir le jour en 2023 ? Les Hypercars
93%
Quel pilote de F1 remporte 2 fois les 24H du Mans en 2018 et 2019 ? Fernando Alonso
90%
En quelle année a eu lieu la toute première course des 24H du Mans ? 1923
88%
Qui à remporté l'édition de 1966 ? Ford
87%
Quel écurie à eu un des plus gros accidents des 24H en 1955 ? Mercedes
86%
Quelle innovation, désormais très courante, à été utilisé pour la première fois sur une voiture durant la course des 24H ? Les freins à disques
85%
Quel énergie essaie de mettre en avant les 24H du Mans avec la mission H24 ? Hydrogène
84%
Qui surnomme t'on "Monsieur Le Mans" ? Jacky Ickx
82%
Quelle écurie à introduit le moteur rotatif en compétition ? Mazda
80%
Quel est le pilote à détenir le plus de victoires aux 24H ? Tom Kristensen
76%
Avec quel motoriste, l'équipe WM (WELTER-MEUNIER) à t'elle battu un record de vitesse de 407 km/h en 1988 ? Peugeot
72%
En 1999 qui s'est envolé au volant d'une Mercedes ? Mark Webber
70%
Aucun quiz correspondant
Distribution des résultats
% des personnes avec chaque résultat
Percentile par nombre de réponses
Votre historique - résultats
Vous n’avez pas pris ce quiz